000 00985cam a2200277 4500
001 25826
003 BD-RjUL
005 20211209050932.0
008 140319t1972 ii a b 000 0beng
020 _a0210405430
035 _a(BD-RjUL)25896
040 _aDLC
_cDLC
_dDLC
_dBD-RjUL
_beng
041 0 _aengper
082 0 0 _a954.0250924
_bNIS 1972
100 1 _aNizami, Azra
_979343
245 1 0 _aSocio-religious outlook of Abul Fazl /
_cAzra Nizami
260 _aNew Delhi :
_bPublished for the] Centre of Advanced Study, Dept. of History, Aligarh Muslim University [by] Asia Pub. House,
_c1972.
300 _aix, 60 p. :
_billus. ;
_c23 cm.
500 _aIncludes some selections in Persian.
504 _aBibliography: p. [51]-53.
600 0 0 _aAbū al-Faz̤l ibn Mubārak,
_d1551-1602
_xPolitical and social views.
_979344
600 0 0 _aAbū al-Faz̤l ibn Mubārak,
_d1551-1602
_xReligion.
_979345
942 _2ddc
_cBK
999 _c25826
_d25826